000 01339nac a22003737a 4500
001 BR8001181
003 BR-BrBNA
005 20240105114624.0
008 230509b bl.|||m| |||| 00| 0 por d
040 _aBR-BrBNA
_bpor
_cBiblioteca Nacional de Agricultura
072 _aF60; F25
090 _a0180 BR8001181
100 1 _aGaudencio, C. de A.
100 1 _aMuzilli, O.
110 1 _aFundacao Instituto Agronomico do Parana, Londrina (Brasil)
245 1 _aA tolerancia a acidez do solo como parametro para a recomendacao de variedades de trigo no Parana [Triticum aestivum; Calagem; Producao vegetal; Parana; Brasil]
246 1 _a[Soil acidity tolerance as a parameter for recommendation of wheat varieties in Parana state [Triticum aestivum; Liming; Crop production; Parana; Brazil]]
260 3 _aLondrina, PR (Brasil):
_c1980.
300 _a4 p.
490 _aInforme da Pesquisa - Fundacao Instituto Agronomico do Parana (Brazil)
_vno. 25
_x
650 _aFisiologia vegetal
650 _aFertilidade do solo
650 _aTrigo
650 _aAcidez do solo
650 _aSolo
650 _aCalagem
650 _aSolo acido
650 _aAluminio
650 _aProducao vegetal
650 _aVariedade
650 _aParana
909 _a202312
_bLúcia Elande
_c55
_dLúcia Elande
942 _2AGRIS
_n0
_cMS
999 _c270389
_d270389